Statistics for Квиз о Холандији

Click here to take the quiz!

General Stats

  • This quiz has been taken 171 times
  • The average score is 12 of 24

Answer Stats

ОписОдговор% Correct
Највећи градовиАмстердам
98%
Граничне државеБелгија
95%
Званичан језикХоландски
91%
Граничне државеНемачка
91%
Други назив за ХоландијуНизоземска
86%
Највећи градовиРотердам
80%
Највећи градовиХаг
79%
Национални спортФудбал
73%
Насликао је "Звездану ноћ"Винсент ван Гог
70%
Цвет за којим је настала "манија" у XVII векуТулипан
69%
Дрвене ципелеКломпе
60%
Познати фудбалер Марко...ван Бастен
51%
Држава која се некад звала
Холандска Источна Индија
Индонезија
50%
Насликао је "Ноћну стражу"Рембрант
47%
Најпопуларнији прелив за помфритМајонез
43%
Најпознатији бренд пиваХејнекен
35%
Врста заштите од поплаваНасип
21%
Карипско острво које дели са ФранцускомСвети Мартин
19%
Национални авио превозникКЛМ
17%
Бивша валутаГулден
16%
Титула наследника престолаПринц од {Орања}
15%
Назив за земљу "отету" од мора,
окружен одговором изнад
Полдер
15%
Тренутни краљВилем-Александер
11%
Научник који је први видео
једноћелијске организме
Антони ван Левенхук
11%

Score Distribution

Percentile by Number Answered

Percent of People with Each Score

Your Score History

You have not taken this quiz